书目信息 |
| 题名: |
人民卫士
|
|
| 作者: | 李静轩 编写 | |
| 分册: | ||
| 出版信息: | 长春 吉林出版集团有限责任公司 2011.03 |
|
| 页数: | 119页 | |
| 开本: | 23cm | |
| 丛书名: | 共和国故事 | |
| 单 册: | ||
| 中图分类: | I253.1 , K828.2=76 | |
| 科图分类: | ||
| 主题词: | 女性--nu^ xing--警察--生平事迹--中国--现代 , 报告文学--bao gao wen xue--中国--当代 | |
| 电子资源: | ||
| ISBN: | 978-7-5463-1922-3 | |
| 000 | 01213nam 2200313 450 | |
| 001 | CAL 012011366687 | |
| 005 | 20111228145603.06 | |
| 010 | @a978-7-5463-1922-3@dCNY22.00 | |
| 100 | @a20111121d2011 am y0chiy50 ea | |
| 101 | 0 | @achi |
| 102 | @aCN@b220000 | |
| 105 | @ay a 000zd | |
| 200 | 1 | @a人民卫士@Aren min wei shi@e全国广泛开展向任长霞学习活动@f李静轩编写 |
| 210 | @a长春@c吉林出版集团有限责任公司@d2011.03 | |
| 215 | @a119页@d23cm | |
| 225 | 2 | @a共和国故事@Agong he guo gu shi |
| 308 | @a封面及书脊丛书题名: 青少年应该铭记的共和国故事 | |
| 320 | @a有书目 (第119页) | |
| 330 | @a本书分为号召学习、英雄事迹和榜样力量三部分, 内容包括中央发出学习任长霞同志先进事迹号召、勇敢深入虎穴抓捕毒贩、举行任长霞事迹报告会等。 | |
| 410 | 0 | @12001 @a共和国故事 |
| 517 | 1 | @a全国广泛开展向任长霞学习活动@Aquan guo guang fan kai zhan xiang ren chang xia xue xi huo dong |
| 600 | 0 | @a任长霞,@Aren chang xia@f1964-2004@x生平事迹 |
| 606 | 0 | @a女性@Anu^ xing@x警察@x生平事迹@y中国@z现代 |
| 606 | 0 | @a报告文学@Abao gao wen xue@y中国@z当代 |
| 690 | @aI253.1@v4 | |
| 690 | @aK828.2=76@v4 | |
| 701 | 0 | @a李静轩@Ali jing xuan@4编写 |
| 801 | 0 | @aCN@bRENTIAN@c20111228 |
| 905 | @aZUCC@dI253.1@eL1801@f3 | |
| 人民卫士:全国广泛开展向任长霞学习活动/李静轩编写.-长春:吉林出版集团有限责任公司,2011.03 |
| 119页;23cm.-(共和国故事) |
| ISBN 978-7-5463-1922-3:CNY22.00 |
| 本书分为号召学习、英雄事迹和榜样力量三部分, 内容包括中央发出学习任长霞同志先进事迹号召、勇敢深入虎穴抓捕毒贩、举行任长霞事迹报告会等。 |
| ● |
| 相关链接 |
|
|
|
正题名:人民卫士
索取号:I253.1/L1801
 
预约/预借
| 序号 | 登录号 | 条形码 | 馆藏地/架位号 | 状态 | 备注 |
| 1 | 1184643 | 211846430 | 文学库108/108文学库 67排8列1层/ [索取号:I253.1/L1801] | 在馆 | |
| 2 | 1184644 | 211846449 | 文学库108/108文学库 67排8列1层/ [索取号:I253.1/L1801] | 在馆 | |
| 3 | 1184645 | 211846458 | 文学库108/108文学库 67排8列1层/ [索取号:I253.1/L1801] | 在馆 |